In future, NR will be much more than just an elastomer (Record no. 60923)

MARC details
000 -LEADER
fixed length control field 00344nam a2200133Ia 4500
100 ## - MAIN ENTRY--AUTHOR NAME
Personal name Sekhar B C
245 #0 - TITLE STATEMENT
Title In future, NR will be much more than just an elastomer
260 ## - PUBLICATION, DISTRIBUTION, ETC. (IMPRINT)
Name of publisher Rubber Asia
Year of publication 2005
300 ## - PHYSICAL DESCRIPTION
Number of Pages 140-144
650 ## - SUBJECT ADDED ENTRY--TOPICAL TERM
Topical Term NR production
650 ## - SUBJECT ADDED ENTRY--TOPICAL TERM
Topical Term Rubber history
942 ## - ADDED ENTRY ELEMENTS (KOHA)
Koha item type Journals
Holdings
Withdrawn status Lost status Damaged status Not for loan Home library Current library Shelving location Date acquired Serial Enumeration / chronology Koha item type
      Journals RRII Library RRII Library Agricultural economics 17/12/2021 Volume 19, Issue 2 Journals